01018nam a22003015a 4500003000900000005001700009008004100026020001800067020002400085040004300109041001300152082001700165245001800182264004000200300004700240336002600287337002800313338002700341490002800368546003200396650006100428651001000489653002500499655001700524942001200541999001700553952014600570EG-ScBUE20221214101134.0161225s2014 ko a fr 000 0 mul d a9788957705155 a9788957705124 (set) aEG-ScBUEbengerdacEG-ScBUEdEG-ScBUE0 aengakor04a727bTAE22200aTA education. 1aSeoul, Korea :bArchiworld,c[2014] a254 pages :bcolor illustrations ;c28 cm. 2rdacontentatextbtxt 2rdamediaaunmediatedbn 2rdacarrieravolumebnc0 aTheme architecture ;v3 aText in English and Korean. 7aSchool buildingsxDesign and construction.2BUEsh920640 2BUEsh bENGARCcDecember2016 vReading book 2ddccBB c23746d23718 00102ddc40708IMCaMAINbMAINc2NDd2016-12-25ePurchaseg420.00h2546l0o727 THEp000040614r2025-07-15 00:00:00v525.00w2016-12-25yBB